| 000 | 00357nam a2200133Ia 4500 | ||
|---|---|---|---|
| 008 | 240624s9999 xx 000 0 und d | ||
| 041 | _aeng | ||
| 082 | _a657.3 TRA | ||
| 100 | _aTRACY JOHN A | ||
| 245 | _aCOMPREHENSIVE GUIDE ON HOW TO READ A FIN | ||
| 260 |
_c2014 _aNew Jersey _bJohn Wiley & Sons |
||
| 300 | _axvii, : 330 : p. : cm. ; 17 | ||
| 365 |
_c _b26 |
||
| 999 |
_c23454 _d23454 |
||